Представление документа в формате RUSMARC

ПолеНазваниеЗначение
  Тип записи a
  Библиографический уровень m
001 Контрольный номер RU/ГПНТБ России/KNIGADB/Ю935/Л 252-884165796
005 Дата корректировки 20201214143956.8
010 Индекс ISBN __
a ISBN 978-5-394-02920-2 (в пер.)
d Цена 587-33, 500 экз.
100 Данные общей обработки __
a Данные общей обработки 19200306d2018 |||y0rusy0189 ca
101 Язык документа 0_
a Язык текста rus
102 Страна публикации __
a Страна публикации RU
102 Страна публикации __
a Страна публикации RU
105 Кодированные данные (монография) __
a Кодированные данные (монография) ac z 000zy
200 Заглавие и сведения об ответственности 1_
a Заглавие Невербальное мышление
e Сведения, относящиеся к заглавию от мышления словами к мышлению смысловыми идентификациями
f Первые сведения об ответственности И. К. Ларионов
205 Сведения об издании __
a Основные сведения об издании 2-е издание
210 Выходные данные __
a Место издания Москва
c Издательство Дашков и К°
d Дата издания 2018
215 Физическое описание __
a Объем 375 с.
c Иллюстрации/тип воспроизводства ил., портр.
d Формат 21 см
330 Аннотация __
a Аннотация В книге изложена уникальная авторская концепция трансформации сознания человека на качественно новую ступень эволюции путем перехода от мышления словами к мышлению смысловыми идентификациями. Углубленное осмысление основ этого перехода дополняется рядом практических рекомендаций по его осуществлению. Для читателей, проявляющих интерес к преобразованию собственного сознания и освоению системы мышления на основе смысловых идентификаций. Эта система применима во всех отраслях знаний, в том числе в экономике и социальном управлении, а также в области естественных наук и психологии.
606 Тематические рубрики __
a Основная рубрика Психология
606 Тематические рубрики __
a Основная рубрика Психические процессы и состояния
610 Ключевые слова __
a Ключевые слова невербальное мышление
610 Ключевые слова __
a Ключевые слова сознание человека
610 Ключевые слова __
a Ключевые слова сознание
610 Ключевые слова __
a Ключевые слова мышление человека
610 Ключевые слова __
a Ключевые слова медитация
610 Ключевые слова __
a Ключевые слова развитие психики
686 Индексы других классификаций __
2 Код системы rubbks
a Классификационный индекс 88.251.31
700 Автор _1
a Фамилия Ларионов
b Имя И. К.
g Полное личное имя Игорь Константинович
4 Код отношения 070
801 Источник записи _0
a Страна RU
b Организация ГПНТБ России
c Дата составления 20200306
g Правила каталогизации PSBO
801 Источник записи _2
a Страна RU
b Организация Муниципальное бюджетное учреждение культуры "Централизованная библиотечная система" г. Сургут (Центральная городская библиотека им. А. С. Пушкина)
c Дата составления 20200306
852 Данные о местонахождении __
j Шифр хранения 88.251.31
i Авторский знак Л 25
901 Тип документа __
a Ответственный КиК/Мамарузиева
t Тип документа m
903 Характеристики (МАРС) __
a Дата передачи 20200306
911 __
u 336a=Текст
911 __
u 337a=непосредственный
990 Данные о заказе (DOS) __
j Количество экземпляров (DOS) 1
t N записи в КСУ для И/У (DOS) 202003